Countries of the World but all Countries are replaced with Black - Statistics

General Stats
  • This quiz has been taken 62 times
  • The average score is 119 of 196
Answers on the Map
Answers color-coded by a green-red scale on the quiz's map according to % correct below.
 
Answer Stats
Country % Correct
Russia
83%
United States
80%
Canada
77%
United Kingdom
77%
Brazil
73%
Chile
73%
China
73%
Denmark
73%
Estonia
73%
India
73%
Mexico
73%
New Zealand
73%
North Korea
73%
Oman
73%
Poland
73%
Thailand
73%
Ukraine
73%
Yemen
73%
Argentina
70%
Australia
70%
Belgium
70%
Croatia
70%
France
70%
Hungary
70%
Italy
70%
Japan
70%
Kazakhstan
70%
Laos
70%
Mongolia
70%
Niger
70%
Nigeria
70%
Qatar
70%
South Korea
70%
Vietnam
70%
Afghanistan
67%
Austria
67%
Bangladesh
67%
Bosnia and Herzegovina
67%
Egypt
67%
Finland
67%
Germany
67%
Greece
67%
Indonesia
67%
Latvia
67%
Lithuania
67%
Luxembourg
67%
Moldova
67%
Netherlands
67%
Peru
67%
Philippines
67%
Portugal
67%
Romania
67%
Saudi Arabia
67%
Spain
67%
Taiwan
67%
Turkey
67%
Vatican City
67%
Albania
63%
Algeria
63%
Bolivia
63%
Botswana
63%
Bulgaria
63%
Cambodia
63%
Colombia
63%
Czech Republic
63%
Dominican Republic
63%
Ecuador
63%
Ethiopia
63%
Fiji
63%
Iceland
63%
Iran
63%
Iraq
63%
Ireland
63%
Lebanon
63%
Libya
63%
Malaysia
63%
Morocco
63%
North Macedonia
63%
Norway
63%
Pakistan
63%
Serbia
63%
Slovakia
63%
Slovenia
63%
South Africa
63%
South Sudan
63%
Sudan
63%
Sweden
63%
Switzerland
63%
Tajikistan
63%
Turkmenistan
63%
Uzbekistan
63%
Zimbabwe
63%
Armenia
60%
Azerbaijan
60%
Belarus
60%
Central African Republic
60%
Chad
60%
Cuba
60%
Cyprus
60%
Democratic Republic of the Congo
60%
Georgia
60%
Israel
60%
Kenya
60%
Kosovo
60%
Kyrgyzstan
60%
Liberia
60%
Liechtenstein
60%
Madagascar
60%
Malta
60%
Nepal
60%
Papua New Guinea
60%
Rwanda
60%
Samoa
60%
Sri Lanka
60%
United Arab Emirates
60%
Venezuela
60%
Zambia
60%
Andorra
57%
Antigua and Barbuda
57%
Bahamas
57%
East Timor
57%
Federated States of Micronesia
57%
Guinea
57%
Haiti
57%
Honduras
57%
Jamaica
57%
Jordan
57%
Kiribati
57%
Kuwait
57%
Lesotho
57%
Maldives
57%
Mali
57%
Myanmar
57%
Namibia
57%
Nauru
57%
Paraguay
57%
Saint Lucia
57%
San Marino
57%
Solomon Islands
57%
Somalia
57%
Suriname
57%
Syria
57%
Vanuatu
57%
Angola
53%
Bahrain
53%
Belize
53%
Bhutan
53%
Cameroon
53%
Costa Rica
53%
Eritrea
53%
Eswatini
53%
Ghana
53%
Guatemala
53%
Guyana
53%
Ivory Coast
53%
Malawi
53%
Marshall Islands
53%
Monaco
53%
Montenegro
53%
Mozambique
53%
Panama
53%
Republic of the Congo
53%
Saint Kitts and Nevis
53%
Seychelles
53%
Tonga
53%
Tunisia
53%
Tuvalu
53%
Uganda
53%
Uruguay
53%
Barbados
50%
Benin
50%
Comoros
50%
Djibouti
50%
Dominica
50%
El Salvador
50%
Gabon
50%
Guinea-Bissau
50%
Nicaragua
50%
Palau
50%
Senegal
50%
Sierra Leone
50%
Singapore
50%
Tanzania
50%
Togo
50%
Trinidad and Tobago
50%
Brunei
47%
Burkina Faso
47%
Burundi
47%
Cape Verde
47%
Equatorial Guinea
47%
Gambia
47%
Grenada
47%
Mauritania
47%
Mauritius
47%
Saint Vincent and the Grenadines
43%
São Tomé and Príncipe
43%
No matching quizzes found
Score Distribution
Percent of People with Each Score
Percentile by Number Answered
Your Score History
You have not taken this quiz